India Vehicle Registration Number Plates - Statistics

General Stats
  • This quiz has been taken 210 times
  • The average score is 17 of 39
Answer Stats
State Answer % Correct
Andhra Pradesh AP
96%
Andaman and Nicobar Islands AN
88%
Assam AS
83%
Bihar BR
80%
Arunachal Pradesh AR
78%
Chandigarh CH
78%
Chhattisgarh CG
69%
Delhi DL
68%
Goa GA
63%
Dadra and Nagar Haveli and Daman and Diu DD
62%
Gujarat GJ
62%
Haryana HR
61%
Himachal Pradesh HP
60%
Jammu and Kashmir JK
60%
Karnataka KA
60%
Kerala KL
58%
Jharkhand JH
57%
Ladakh LA
55%
Madhya Pradesh MP
46%
Lakshadweep LD
44%
Maharashtra MH
41%
Manipur MN
35%
Meghalaya ML
32%
Mizoram MZ
28%
Nagaland NL
27%
Odisha OD
25%
Punjab PB
21%
Tamil Nadu TN
20%
Puducherry PY
19%
Rajasthan RJ
19%
Sikkim SK
17%
Telangana TS
14%
West Bengal WB
14%
Uttar Pradesh UP
13%
Tripura TR
12%
Uttarakhand UK
12%
Dadra and Nagar Haveli (Former) DN
11%
Orissa (Former) OR
9%
Uttaranchal (Former) UA
6%
No matching quizzes found
Score Distribution
Percent of People with Each Score
Percentile by Number Answered
Your Score History
You have not taken this quiz